| 000 | 01020nam a2200217Ia 4500 | ||
|---|---|---|---|
| 999 |
_c34400 _d34400 |
||
| 001 | 91 | ||
| 003 | GE_BSU | ||
| 005 | 20220901143026.0 | ||
| 008 | 181216s2000||||ge |||||||||||||| ||geo|| | ||
| 040 | _cGE_BSU | ||
| 041 | _ageo | ||
| 080 | _a61(076):57 შ–15 | ||
| 100 |
_aშათირიშვილი, ა. _92669 |
||
| 245 |
_aსამედიცინო ბიოლოგია : _bპრაქტიკული კურსი : [სახელმძღვ. უმაღლ. სასწ. სტუდ.] / _c ა. შათირიშვილი, ი. ჭუჭულაშვილი, ქ. ჩიქვინიძე ; [რედ.: ს. ცაგარელი]. |
||
| 264 |
_aთბილისი, _c2000. |
||
| 300 |
_a312 გვ.; _b20 სმ. |
||
| 653 | _aსამედიცინო ბიოლოგია | ||
| 700 |
_aჭუჭულაშვილი, ი. _eავტორი _92670 |
||
| 700 |
_aჩიქვინიძე, ქ. _eავტორი _914568 |
||
| 942 |
_cBK _2udc |
||